Govt. of
Madhya Pradesh

DIGITAL DISTRACTION Unplugging the digital abyss and reclaiming our Attention (Record no. 67895)

MARC details
000 -LEADER
fixed length control field 00300nam a22001097a 4500
082 ## - DEWEY DECIMAL CLASSIFICATION NUMBER
Classification number 600/ABR
100 ## - MAIN ENTRY--AUTHOR NAME
Personal name Abrol,Hitesh
245 ## - TITLE STATEMENT
Title DIGITAL DISTRACTION Unplugging the digital abyss and reclaiming our Attention
260 ## - PUBLICATION, DISTRIBUTION, ETC. (IMPRINT)
Place of publication Meerut
Name of publisher Literary Lounge
Year of publication 2023
650 ## - SUBJECT ADDED ENTRY--TOPICAL TERM
Topical Term IT
942 ## - ADDED ENTRY ELEMENTS (KOHA)
Koha item type Books
Holdings
Withdrawn status Lost status Damaged status Not for loan Home library Current library Date acquired Cost, normal purchase price Full call number Accession Number Price effective from Koha item type
        MACL MACL 16/04/2025 299.00 600/ABR DPI003548 16/04/2025 Books
        MACL MACL 16/04/2025 299.00 600/ABR DPI003549 16/04/2025 Books